Agricultural production, dietary diversity and climate variability (Record no. 109314)

000 -LEADER
fixed length control field 00518pab a2200193 454500
008 - FIXED-LENGTH DATA ELEMENTS--GENERAL INFORMATION
fixed length control field 180718b2015 xxu||||| |||| 00| 0 eng d
100 ## - MAIN ENTRY--PERSONAL NAME
Personal name Dillon, Andrew
245 ## - TITLE STATEMENT
Title Agricultural production, dietary diversity and climate variability
260 ## - PUBLICATION, DISTRIBUTION, ETC.
Date of publication, distribution, etc. 2015
300 ## - PHYSICAL DESCRIPTION
Extent p.976-995.
362 ## - DATES OF PUBLICATION AND/OR SEQUENTIAL DESIGNATION
Dates of publication and/or sequential designation Aug
650 ## - SUBJECT ADDED ENTRY--TOPICAL TERM
Topical term or geographic name entry element Households
650 ## - SUBJECT ADDED ENTRY--TOPICAL TERM
Topical term or geographic name entry element Consumption
650 ## - SUBJECT ADDED ENTRY--TOPICAL TERM
Topical term or geographic name entry element Agricultural production
700 ## - ADDED ENTRY--PERSONAL NAME
Personal name Oseni, Gbemisola
700 ## - ADDED ENTRY--PERSONAL NAME
Personal name Mcgee, Kevin
773 ## - HOST ITEM ENTRY
Main entry heading Journal of Development Studies
909 ## -
-- 109319
Holdings
Withdrawn status Lost status Damaged status Not for loan Permanent Location Current Location Date acquired Serial Enumeration / chronology Barcode Date last seen Price effective from Koha item type
        Indian Institute of Public Administration Indian Institute of Public Administration 2018-07-19 Volume no: 51, Issue no: 8 AR109779 2018-07-19 2018-07-19 Articles

Powered by Koha